000 00333nam a2200133Ia 4500
008 230717s1990 xx 000 0 und d
020 _a81-7177-086-X
041 _aeng
082 _a340.03
_bSAH
100 _aSaha A. N
245 _aLegal And Commercial Dictionary
250 _a5ed.
260 _aCalcutta
_bEastern Law House
_c1990
999 _c673528
_d673528